000 00637nam a2200193Ia 4500
003 GCL
008 140319s9999 xx 000 0 ara d
040 _aGCL /
_cGCL
082 0 4 _a801.951
_bب غ
100 1 _aيوسف شلب الشام
245 1 0 _aالغناء والشعر عند الشعوب البدائية /
_cيوسف شلب الشام
700 1 _aبورا، سيرموريس
300 _a304ص
490 _a100 قصة
_v0
650 0 4 _aالشعر الغنائى - تاريخ ونقد
650 0 4 _aالشعر الغنائى - دواوين وقصائد
650 0 4 _aالبدائية فى الفن
942 _2ddc
_cBK
999 _c43671
_d43671